=LDR 00000nam 2200000 4500 =001 INLIS000000000018063 =005 20200205122732 =035 ##$$a 0010-061300000018063 =008 200205################g##########0#ind## =041 ##$$a Ind =082 ##$$a 005 =090 ##$$a 005, Tek t =245 ##$$a Teknik rendering dengan 3D Studiomax 6 /$c Tim penelitian dan pengembangan wahana komputer =260 ##$$a Jakarta :$b Salemba Infotek,$c 2004 =300 ##$$a xiii, 313 hlm : $b Ilus ; $c 20 x 25 cm =650 #4$$a Rendering dengan 30 studiomax 6 ( Program komputer ) =850 ##$$a NBPNMAT =020 ##$$a 979-9550-40-8 =084 ##$$a 005 TEK =990 ##$$a 20603068 =990 ##$$a 20603069 =990 ##$$a 20603070 =990 ##$$a 20603071 =990 ##$$a 20603068 =990 ##$$a 20603069 =990 ##$$a 20603070 =990 ##$$a 20603071